| 000 | 00407cam a22001214a 4500 | ||
|---|---|---|---|
| 020 | _a0761930256 (cloth) | ||
| 050 | 0 | 0 |
_aRC466 _b.G56 2005 |
| 100 | 1 | _aGlicken, Morley D. | |
| 245 | 1 | 0 |
_aImproving the effectiveness of the helping professions : _ban evidence-based approach to practice / _cMorley D. Glicken. |
| 260 |
_aThousand Oaks : _bSage Publication, _cc2005. |
||
| 300 | _axvi, 335 p. ; | ||
| 942 |
_2lcc _cGEN |
||
| 999 |
_c15021 _d15021 |
||